Programme management in construction (Record no. 115405)

MARC details
000 -LEADER
fixed length control field 00649cam a22002175a 4500
001 - CONTROL NUMBER
control field L158588
008 - FIXED-LENGTH DATA ELEMENTS--GENERAL INFORMATION
fixed length control field 150506s2015 xxk f 000 0 eng d
020 ## - INTERNATIONAL STANDARD BOOK NUMBER
International Standard Book Number 9780727760142
035 ## - SYSTEM CONTROL NUMBER
System control number (Sirsi) u158588
041 0# - LANGUAGE CODE
Language code of text/sound track or separate title eng
050 04 - LIBRARY OF CONGRESS CALL NUMBER
Classification number 658.404 BAR
100 1# - MAIN ENTRY--PERSONAL NAME
Personal name Barnes, Pieter
245 00 - TITLE STATEMENT
Title Programme management in construction
260 ## - PUBLICATION, DISTRIBUTION, ETC.
Place of publication, distribution, etc. London
Name of publisher, distributor, etc. ICE
Date of publication, distribution, etc. 2015
520 ## - SUMMARY, ETC.
Summary, etc. Provides a vcomprehensive introduction to the application of programme management in the construction industry
521 ## - TARGET AUDIENCE NOTE
Target audience note Advanced
651 #4 - SUBJECT ADDED ENTRY--GEOGRAPHIC NAME
Geographic name ENGLAND AND WALES
690 ## - LOCAL SUBJECT ADDED ENTRY--TOPICAL TERM (OCLC, RLIN)
Topical term or geographic name as entry element CONSTRUCTION
700 1# - ADDED ENTRY--PERSONAL NAME
Personal name Farren, Roy; Haidar, Ali; Wells, Kenneth
942 ## - ADDED ENTRY ELEMENTS (KOHA)
Suppress in OPAC 0
Holdings
Withdrawn status Lost status Source of classification or shelving scheme Damaged status Not for loan Home library Current library Shelving location Date acquired Total Checkouts Full call number Barcode Date last seen Copy number Price effective from Koha item type
    Dewey Decimal Classification     London London Books 06/05/2015   658.404 FEW 30079006 06/08/2019 1 06/08/2019 Book